List of neotropical ants (Hymenoptera: Formicidae) (Registro nro. 15672)

Detalles MARC
000 -CABECERA
Campo de control 003370000a22001210004500
090 ## - CLASIFICACIÓN LOCAL
Colección AS
Consecutivo Seriadas
041 0# - IDIOMA
Código de idioma para texto/pista de sonido o título separado
100 1# - ASIENTO PRINCIPAL--NOMBRE PERSONAL
Nombre personal Fernández, Fernando
245 10 - MENCION DE TITULO
Título List of neotropical ants (Hymenoptera: Formicidae)
700 1# - ASIENTO SECUNDARIO - NOMBRE PERSONAL
Nombre personal Sendoya, Sebastián
773 1# - Item fuente:
Título Biota Colombiana
Descripción física 1
Paginas del Articulo 3-93
Lugar, editorial y fecha de publicación 2004
Información sobre la relación 5
942 ## - ELEMENTOS ADICIONALES (KOHA)
Tipo de ítem Artículo

No hay ítems disponibles.